[Event "18.Città di Padova Open A"]
[Site "Padova"]
[Date "2015.12.15"]
[Round "4.32"]
[White "Papathanasiou, Ageliki"]
[Black "Desideri, Alessandro"]
[Result "1/2-1/2"]
[WhiteElo "1778"]
[BlackElo "1904"]
[Annotator "Gabriele Ballarin"]
[PlyCount "78"]
[EventDate "2015.12.13"]
[EventType "swiss"]
[EventRounds "9"]
[EventCountry "ITA"]

1. d4 f5 2. g3 e6 3. Bg2 Nf6 4. Nh3 d5 5. O-O Bd6 6. Nf4 O-O 7. Nd3 Ne4 8. Nd2 Nd7 9. Nf3 c6 10. Bf4 Be7 11. Nfe5 g5 12. Nxd7 Bxd7 13. Be5 b6 14. f3 Nf6 15. Qd2 Ne8 16. c3 Rc8 17. f4 g4 18. h3 gxh3 19. Bxh3 c5 20. Rf2 c4 21. Ne1 Bf6 22. Nf3 Bxe5 23. dxe5 Qe7 24. Rh2 Rf7 25. Ng5 Rg7 26. Bg2 Nc7 27. Kf2 Be8 28. Rah1 Bg6 29. Bf3 d4 30. cxd4 Nd5 31. Bh5 Bxh5 32. Rxh5 c3 33. bxc3 Nxc3 34. Rc1 Qa3 35. Kf1 Rgc7 36. Re1 Re7 37. Rc1 Rec7 38. Re1 Re7 39. Rc1 Rec7 1/2-1/2

[Event "18.Città di Padova Open A"]
[Site "Padova"]
[Date "2015.12.15"]
[Round "4.33"]
[White "Iasman, Inna"]
[Black "Roberti, Ignazio"]
[Result "0-1"]
[WhiteElo "1843"]
[BlackElo "1890"]
[Annotator "Gabriele Ballarin"]
[PlyCount "82"]
[EventDate "2015.12.13"]
[EventType "swiss"]
[EventRounds "9"]
[EventCountry "ITA"]

1. d4 Nf6 2. c4 e6 3. Nf3 Bb4+ 4. Bd2 a5 5. a3 Be7 6. Nc3 d5 7. e3 c6 8. Bd3 Nbd7 9. e4 dxe4 10. Nxe4 Nxe4 11. Bxe4 Nf6 12. Bc2 Bd6 13. O-O b6 14. Ba4 Qc7 15. d5 exd5 16. Re1+ Be6 17. cxd5 Nxd5 18. Rc1 Ne7 19. Bg5 O-O 20. Bxe7 Qxe7 21. Bxc6 Rad8 22. Qa4 Qf6 23. Qb5 Rb8 24. Be4 Bg4 25. h3 Bxf3 26. Bxf3 Qf4 27. Bc6 Qh2+ 28. Kf1 h6 29. Rc4 Rfc8 30. Rg4 Rc7 31. Qd5 Bf8 32. Rg3 Rbc8 33. Rc3 Bc5 34. Bd7 Rd8 35. Bf5 Rxd5 36. Rxc5 Rxf5 37. Re8+ Kh7 38. Rxf5 Qh1+ 39. Ke2 Qxg2 40. Rf3 Rc2+ 41. Ke3 Qg5+ 0-1

[Event "18.Città di Padova Open A"]
[Site "Padova"]
[Date "2015.12.15"]
[Round "4.34"]
[White "Capito', Mario"]
[Black "Favero, Graziano"]
[Result "0-1"]
[WhiteElo "1879"]
[BlackElo "1836"]
[Annotator "Gabriele Ballarin"]
[PlyCount "102"]
[EventDate "2015.12.13"]
[EventType "swiss"]
[EventRounds "9"]
[EventCountry "ITA"]

1. e4 d6 2. f4 g6 3. Bc4 Bg7 4. Nf3 e6 5. O-O Ne7 6. c3 b6 7. Bb5+ Bd7 8. a4 a6 9. Bc4 Bc6 10. Qe2 O-O 11. d4 d5 12. Bd3 dxe4 13. Bxe4 Bxe4 14. Qxe4 Nd7 15. Ne5 Nf6 16. Qf3 Qd5 17. Nd2 Qxf3 18. Ndxf3 h6 19. b3 Rfe8 20. Ra2 Bf8 21. Re2 Rad8 22. g4 Nd7 23. h4 c5 24. Nc4 Nc8 25. Rfe1 cxd4 26. Nxd4 Bc5 27. Be3 Nf6 28. Ne5 Ne7 29. b4 Bxd4 30. Bxd4 Nfd5 31. Rf1 Rc8 32. c4 Nxb4 33. Bxb6 Kg7 34. Rb1 Nec6 35. Nxc6 Nxc6 36. Rd2 e5 37. fxe5 Nxe5 38. Bd4 Rxc4 39. Kg2 Kf8 40. Re1 f6 41. a5 Nxg4 42. Rb1 Ra4 43. Bc5+ Kg8 44. Rb7 Ne5 45. Be7 Rg4+ 46. Kf1 Rxh4 47. Rd6 Rf4+ 48. Kg2 Rc8 49. Bxf6 Rc2+ 50. Kg1 Nf3+ 51. Kf1 Nh2+ 0-1

[Event "18.Città di Padova Open A"]
[Site "Padova"]
[Date "2015.12.16"]
[Round "5.1"]
[White "David, Alberto"]
[Black "Zhigalko, Andrey"]
[Result "0-1"]
[WhiteElo "2585"]
[BlackElo "2585"]
[Annotator "Gabriele Ballarin"]
[PlyCount "74"]
[EventDate "2015.12.13"]
[EventType "swiss"]
[EventRounds "9"]
[EventCountry "ITA"]
[SourceTitle "The Week in Chess 1102"]
[Source "Mark Crowther"]
[SourceDate "2015.12.21"]
[SourceVersion "1"]
[SourceVersionDate "2015.12.21"]
[SourceQuality "2"]

1. e4 c5 2. Nf3 d6 3. Bb5+ Bd7 4. c4 Nf6 5. Nc3 g6 6. d4 cxd4 7. Nxd4 Bg7 8. Be3 O-O 9. Bxd7 Nbxd7 10. O-O a6 11. Rc1 Rc8 12. b3 Qa5 13. Bd2 Rfe8 14. Re1 Qh5 15. Nf3 b5 16. cxb5 axb5 17. Qe2 b4 18. Na4 Rxc1 19. Rxc1 Rb8 20. Rc4 d5 21. exd5 Nxd5 22. h3 h6 23. Rh4 Qf5 24. Bxh6 Bxh6 25. Rxh6 Rc8 26. Qd2 Rc2 27. Qd4 N7f6 28. Qh4 Kg7 29. Rh8 Qf4 30. Qxf4 Nxf4 31. Rd8 Ne4 32. Rd7 Rxf2 33. Nh4 Kf6 34. Nb6 g5 35. Nd5+ Nxd5 36. Rxd5 gxh4 37. Rd4 Ke5 0-1

[Event "18.Città di Padova Open A"]
[Site "Padova"]
[Date "2015.12.16"]
[Round "5.2"]
[White "Georgiev, Kiril"]
[Black "Maiorov, Nikita"]
[Result "1/2-1/2"]
[WhiteElo "2627"]
[BlackElo "2566"]
[Annotator "Gabriele Ballarin"]
[PlyCount "196"]
[EventDate "2015.12.13"]
[EventType "swiss"]
[EventRounds "9"]
[EventCountry "ITA"]
[SourceTitle "The Week in Chess 1102"]
[Source "Mark Crowther"]
[SourceDate "2015.12.21"]
[SourceVersion "1"]
[SourceVersionDate "2015.12.21"]
[SourceQuality "2"]

1. d4 Nf6 2. Nf3 e6 3. c4 b6 4. g3 Bb7 5. Bg2 Be7 6. O-O O-O 7. Bf4 Qc8 8. Nc3 Ne4 9. Rc1 d6 10. d5 Nxc3 11. Rxc3 e5 12. Bd2 f5 13. e4 fxe4 14. Ne1 Nd7 15. Bxe4 Nf6 16. Bg2 c6 17. dxc6 Bxc6 18. Bg5 Kh8 19. Bxc6 Qxc6 20. Nc2 Rae8 21. Bxf6 Bxf6 22. Nb4 Qc8 23. Nd5 e4 24. Rc2 Be5 25. Qe2 Qf5 26. Re1 Bd4 27. Rd2 Qe5 28. Qd1 e3 29. Nxe3 Bxb2 30. Ree2 Ba3 31. Nc2 Qb2 32. Rxe8 Rxe8 33. Nxa3 Qxa3 34. Rxd6 h6 35. Rd8 Rxd8 36. Qxd8+ Kh7 37. Qd2 Qf3 38. c5 Qe4 39. cxb6 axb6 40. h4 b5 41. a3 Kh8 42. Qb4 Qd5 43. Kh2 Qf3 44. Qc5 Kh7 45. Kg1 Kh8 46. Qd6 Kh7 47. Kf1 Qe4 48. Qc5 Qd3+ 49. Ke1 Kh8 50. Qb4 Kg8 51. Qc5 Kh8 52. h5 Kh7 53. Qb4 Kh8 54. Qc5 Kh7 55. Qb4 Qf5 56. g4 Qd3 57. Qe7 Qf3 58. Qb4 Qd3 59. a4 bxa4 60. Qxa4 Kh8 61. Qe8+ Kh7 62. Qe6 Qd8 63. Ke2 Kh8 64. Kf3 Qf8+ 65. Qf5 Qa8+ 66. Kg3 Qb8+ 67. Qf4 Qd8 68. Qe5 Qf8 69. Qe4 Qb8+ 70. Kg2 Qd8 71. Kh3 Qb8 72. Qf3 Qc8 73. Qd5 Qb8 74. f3 Qc8 75. Kg3 Qc7+ 76. Kf2 Qb6+ 77. Ke2 Qb2+ 78. Ke3 Qa3+ 79. Kf4 Qf8+ 80. Kg3 Qe8 81. Qe4 Qc8 82. Qe3 Qc7+ 83. f4 Qb8 84. Kh3 Qc8 85. Kh4 Qa8 86. g5 Qh1+ 87. Kg4 Qd1+ 88. Qf3 Qg1+ 89. Kf5 Qc5+ 90. Kg4 Qg1+ 91. Qg3 Qd1+ 92. Kh4 Qh1+ 93. Qh3 Qe1+ 94. Kg4 Qe6+ 95. Kh4 Qe1+ 96. Qg3 Qh1+ 97. Kg4 Qd1+ 98. Qf3 Qg1+ 1/2-1/2

[Event "18.Città di Padova Open A"]
[Site "Padova"]
[Date "2015.12.16"]
[Round "5.3"]
[White "Danin, Alexandre"]
[Black "Kovacevic, Blazimir"]
[Result "1/2-1/2"]
[WhiteElo "2569"]
[BlackElo "2480"]
[Annotator "Gabriele Ballarin"]
[PlyCount "36"]
[EventDate "2015.12.13"]
[EventType "swiss"]
[EventRounds "9"]
[EventCountry "ITA"]
[SourceTitle "The Week in Chess 1102"]
[Source "Mark Crowther"]
[SourceDate "2015.12.21"]
[SourceVersion "1"]
[SourceVersionDate "2015.12.21"]
[SourceQuality "2"]

1. e4 e6 2. Nf3 d5 3. Nc3 d4 4. Ne2 c5 5. c3 Nf6 6. cxd4 cxd4 7. Nexd4 Nxe4 8. Nxe6 Bxe6 9. Qa4+ Nc6 10. Qxe4 Bc5 11. Bc4 O-O 12. O-O Bxc4 13. Qxc4 Qb6 14. d3 Nd4 15. Nxd4 Bxd4 16. Be3 Bxe3 17. fxe3 Qxe3+ 18. Kh1 Rac8 1/2-1/2

[Event "18.Città di Padova Open A"]
[Site "Padova"]
[Date "2015.12.16"]
[Round "5.4"]
[White "Nikolov, Momchil"]
[Black "Lodici, Lorenzo"]
[Result "1/2-1/2"]
[WhiteElo "2548"]
[BlackElo "2347"]
[Annotator "Gabriele Ballarin"]
[PlyCount "26"]
[EventDate "2015.12.13"]
[EventType "swiss"]
[EventRounds "9"]
[EventCountry "ITA"]
[SourceTitle "The Week in Chess 1102"]
[Source "Mark Crowther"]
[SourceDate "2015.12.21"]
[SourceVersion "1"]
[SourceVersionDate "2015.12.21"]
[SourceQuality "2"]

1. d4 f5 2. Nf3 Nf6 3. c4 g6 4. g3 Bg7 5. Bg2 O-O 6. O-O d6 7. Nc3 e6 8. Rb1 Ne4 9. Qc2 Nxc3 10. bxc3 e5 11. dxe5 dxe5 12. e4 Nc6 13. Ba3 Rf7 1/2-1/2

[Event "18.Città di Padova Open A"]
[Site "Padova"]
[Date "2015.12.16"]
[Round "5.5"]
[White "Enchev, Ivajlo"]
[Black "Godena, Michele"]
[Result "1/2-1/2"]
[WhiteElo "2452"]
[BlackElo "2499"]
[Annotator "Gabriele Ballarin"]
[PlyCount "23"]
[EventDate "2015.12.13"]
[EventType "swiss"]
[EventRounds "9"]
[EventCountry "ITA"]
[SourceTitle "The Week in Chess 1102"]
[Source "Mark Crowther"]
[SourceDate "2015.12.21"]
[SourceVersion "1"]
[SourceVersionDate "2015.12.21"]
[SourceQuality "2"]

1. d4 d5 2. Nf3 Nf6 3. g3 Bf5 4. Bg2 e6 5. O-O Nc6 6. c4 dxc4 7. Qa4 Qd7 8. Qxc4 Bd6 9. Nc3 O-O 10. Rd1 Na5 11. Qb5 Qxb5 12. Nxb5 1/2-1/2

[Event "18.Città di Padova Open A"]
[Site "Padova"]
[Date "2015.12.16"]
[Round "5.7"]
[White "Brunello, Marina"]
[Black "Vovk, Yuri"]
[Result "1-0"]
[WhiteElo "2342"]
[BlackElo "2626"]
[Annotator "Gabriele Ballarin"]
[PlyCount "99"]
[EventDate "2015.12.13"]
[EventType "swiss"]
[EventRounds "9"]
[EventCountry "ITA"]
[SourceTitle "The Week in Chess 1102"]
[Source "Mark Crowther"]
[SourceDate "2015.12.21"]
[SourceVersion "1"]
[SourceVersionDate "2015.12.21"]
[SourceQuality "2"]

1. e4 c5 2. Nf3 d6 3. Bb5+ Nd7 4. O-O a6 5. Bxd7+ Bxd7 6. d4 cxd4 7. Qxd4 e5 8. Qd3 Rc8 9. c4 b5 10. b3 Qc7 11. Na3 Qb7 12. Nd2 Nf6 13. Nc2 Be7 14. Ba3 Qb8 15. Ne3 O-O 16. Rfd1 Rfe8 17. Rac1 h6 18. Nb1 Rc6 19. Bb2 Rec8 20. Rc2 Be6 21. Na3 Bd8 22. Rcd2 Bb6 23. Nf5 Bxf5 24. exf5 Bc5 25. cxb5 axb5 26. Nxb5 d5 27. a4 Bb6 28. Re2 d4 29. Qg3 Rc5 30. Na3 Bc7 31. Nb5 Rxb5 32. axb5 e4 33. Qh3 d3 34. Ree1 Nh7 35. Rxe4 Ng5 36. Qg4 Bxh2+ 37. Kh1 f6 38. Ree1 Rc2 39. Bd4 d2 40. Re2 Bf4 41. Be3 Bxe3 42. fxe3 Qxb5 43. Rexd2 Rxd2 44. Rxd2 Qxb3 45. Qf4 Kh7 46. Rd7 Qb1+ 47. Kh2 Qe1 48. Re7 h5 49. e4 h4 50. e5 1-0

[Event "18.Città di Padova Open A"]
[Site "Padova"]
[Date "2015.12.16"]
[Round "5.8"]
[White "Strikovic, Aleksandr"]
[Black "Codenotti, Marco"]
[Result "1/2-1/2"]
[WhiteElo "2505"]
[BlackElo "2405"]
[Annotator "Gabriele Ballarin"]
[PlyCount "75"]
[EventDate "2015.12.13"]
[EventType "swiss"]
[EventRounds "9"]
[EventCountry "ITA"]
[SourceTitle "The Week in Chess 1102"]
[Source "Mark Crowther"]
[SourceDate "2015.12.21"]
[SourceVersion "1"]
[SourceVersionDate "2015.12.21"]
[SourceQuality "2"]

1. c4 c6 2. e4 d5 3. exd5 cxd5 4. cxd5 Nf6 5. Qa4+ Nbd7 6. Nc3 g6 7. Nf3 Bg7 8. Bc4 O-O 9. d3 a6 10. Qa3 b6 11. O-O Bb7 12. Re1 Re8 13. Bf4 b5 14. Bb3 Nb6 15. d6 Bxf3 16. gxf3 e6 17. Rac1 Nh5 18. Bg3 Nxg3 19. hxg3 Bxc3 20. Rxc3 a5 21. Qc5 a4 22. Bd1 Nd5 23. Rc2 Qd7 24. Qd4 Rec8 25. Ree2 Qxd6 26. a3 Qb6 27. Qe5 b4 28. axb4 Rxc2 29. Rxc2 Nxb4 30. Rc3 Rd8 31. Qe4 Nd5 32. Rc2 a3 33. bxa3 Qb1 34. Qe2 Ra8 35. Rb2 Qc1 36. Qc2 Qxc2 37. Bxc2 Rxa3 38. Bb3 1/2-1/2

[Event "18.Città di Padova Open A"]
[Site "Padova"]
[Date "2015.12.16"]
[Round "5.9"]
[White "Zaja, Ivan"]
[Black "Vezzosi, Paolo"]
[Result "1/2-1/2"]
[WhiteElo "2481"]
[BlackElo "2369"]
[Annotator "Gabriele Ballarin"]
[PlyCount "51"]
[EventDate "2015.12.13"]
[EventType "swiss"]
[EventRounds "9"]
[EventCountry "ITA"]
[SourceTitle "The Week in Chess 1102"]
[Source "Mark Crowther"]
[SourceDate "2015.12.21"]
[SourceVersion "1"]
[SourceVersionDate "2015.12.21"]
[SourceQuality "2"]

1. d4 f5 2. Nc3 Nf6 3. Bg5 d5 4. e3 e6 5. Nce2 Be7 6. Nf4 O-O 7. Nf3 Ne4 8. Bxe7 Qxe7 9. Nd3 Bd7 10. Be2 Bb5 11. O-O Nd7 12. Nfe5 Nxe5 13. Nxe5 a6 14. a4 Bxe2 15. Qxe2 c5 16. f3 Nf6 17. a5 c4 18. Ra4 Rac8 19. c3 Ne8 20. Rb4 Nd6 21. Rb6 Rc7 22. Qf2 Nc8 23. Rb4 Nd6 24. Rb6 Nc8 25. Rb4 Nd6 26. Rb6 1/2-1/2

[Event "18.Città di Padova Open A"]
[Site "Padova"]
[Date "2015.12.16"]
[Round "5.10"]
[White "Swayams, Mishra"]
[Black "Aghayev, Miragha"]
[Result "1/2-1/2"]
[WhiteElo "2477"]
[BlackElo "2367"]
[Annotator "Gabriele Ballarin"]
[PlyCount "135"]
[EventDate "2015.12.13"]
[EventType "swiss"]
[EventRounds "9"]
[EventCountry "ITA"]
[SourceTitle "The Week in Chess 1102"]
[Source "Mark Crowther"]
[SourceDate "2015.12.21"]
[SourceVersion "1"]
[SourceVersionDate "2015.12.21"]
[SourceQuality "2"]

1. Nf3 c5 2. c4 Nf6 3. Nc3 Nc6 4. d4 cxd4 5. Nxd4 g6 6. g3 Bg7 7. Bg2 O-O 8. O-O Qa5 9. Nb3 Qh5 10. e4 d6 11. Qxh5 Nxh5 12. Nd5 Rb8 13. Rb1 f5 14. Bg5 Rf7 15. Rfe1 e6 16. Nf4 Nxf4 17. Bxf4 e5 18. Bd2 Be6 19. Rbc1 f4 20. Red1 b6 21. gxf4 exf4 22. Bc3 Ne5 23. Rxd6 Bxc4 24. Bd4 Ba6 25. Nd2 Nd3 26. Rc3 Bf8 27. e5 f3 28. Bxf3 Nxe5 29. Bxe5 Bxd6 30. Bxd6 Rd8 31. Bd5 Rxd6 32. Bxf7+ Kxf7 33. Rc7+ Ke6 34. Ne4 Rd1+ 35. Kg2 Bd3 36. Ng5+ Kf5 37. Nxh7 Be4+ 38. f3 Rd2+ 39. Kg3 Bd5 40. Rxa7 Rxb2 41. h4 Rxa2 42. Rd7 Bg8 43. Ng5 b5 44. Rd8 Bc4 45. Ne4 Ra6 46. Rb8 Rc6 47. Nc3 Ra6 48. Ne4 Ra1 49. Rb6 Rg1+ 50. Kf2 Rf1+ 51. Kg2 Kf4 52. Rxg6 Ke3 53. Ng5 b4 54. Rc6 Rc1 55. Rb6 b3 56. h5 Bg8 57. h6 Rc5 58. Ne4 Rh5 59. Nf6 Rg5+ 60. Kh2 Kxf3 61. Rxb3+ Bxb3 62. h7 Rg2+ 63. Kh1 Kf2 64. Ne4+ Kf1 65. h8=Q Rg1+ 66. Kh2 Rg2+ 67. Kh1 Rg1+ 68. Kh2 1/2-1/2

[Event "18.Città di Padova Open A"]
[Site "Padova"]
[Date "2015.12.16"]
[Round "5.11"]
[White "Valsecchi, Alessio"]
[Black "De Santis, Alessio"]
[Result "1-0"]
[WhiteElo "2466"]
[BlackElo "2330"]
[Annotator "Gabriele Ballarin"]
[PlyCount "81"]
[EventDate "2015.12.13"]
[EventType "swiss"]
[EventRounds "9"]
[EventCountry "ITA"]
[SourceTitle "The Week in Chess 1102"]
[Source "Mark Crowther"]
[SourceDate "2015.12.21"]
[SourceVersion "1"]
[SourceVersionDate "2015.12.21"]
[SourceQuality "2"]

1. e4 g6 2. d4 Bg7 3. Nf3 d6 4. h3 Nf6 5. Bd3 O-O 6. O-O Nc6 7. c3 e5 8. Nbd2 Nh5 9. Nb3 a5 10. Be3 a4 11. Nbd2 a3 12. bxa3 Rxa3 13. Nb3 b6 14. Qe2 Bd7 15. Rfd1 Qe7 16. Bg5 Bf6 17. Bc1 Ra7 18. g4 Nf4 19. Bxf4 exf4 20. Qd2 Rfa8 21. Re1 Na5 22. Rad1 Be6 23. Nc1 Nc4 24. Qxf4 Nb2 25. Rd2 Nxd3 26. Nxd3 Rxa2 27. Rxa2 Bxa2 28. e5 dxe5 29. Nfxe5 Bxe5 30. Rxe5 Qd6 31. Qe4 Ra3 32. Nf4 Bc4 33. g5 Ra1+ 34. Kh2 Ra5 35. Re8+ Kg7 36. d5 Bxd5 37. Qd4+ f6 38. gxf6+ Kh6 39. Re5 g5 40. Nxd5 c6 41. Qe3 1-0

[Event "18.Città di Padova Open A"]
[Site "Padova"]
[Date "2015.12.16"]
[Round "5.12"]
[White "Rossi, Carlo"]
[Black "Garcia Palermo, Carlos H"]
[Result "1/2-1/2"]
[WhiteElo "2284"]
[BlackElo "2457"]
[Annotator "Gabriele Ballarin"]
[PlyCount "106"]
[EventDate "2015.12.13"]
[EventType "swiss"]
[EventRounds "9"]
[EventCountry "ITA"]
[SourceTitle "The Week in Chess 1102"]
[Source "Mark Crowther"]
[SourceDate "2015.12.21"]
[SourceVersion "1"]
[SourceVersionDate "2015.12.21"]
[SourceQuality "2"]

1. Nf3 e6 2. e4 d5 3. Nc3 d4 4. Ne2 c5 5. Ng3 Nc6 6. Bb5 Nge7 7. O-O a6 8. Bxc6+ Nxc6 9. e5 d3 10. cxd3 Qxd3 11. Re1 Nb4 12. Re3 Qc2 13. Qf1 Bd7 14. Rc3 Qg6 15. Nh4 Qh6 16. Rc4 g5 17. d3 Be7 18. Rg4 Bc6 19. Nf3 Bxf3 20. gxf3 Qg6 21. Ne4 h6 22. Be3 Qf5 23. Bxc5 Bxc5 24. Nxc5 Nd5 25. d4 Qxf3 26. Rg3 Qf4 27. Nxb7 Qxd4 28. Nd6+ Ke7 29. Qe1 f6 30. Rd1 Qxe5 31. Qxe5 fxe5 32. Nc4 e4 33. Re1 Nf6 34. Nd2 Rab8 35. b3 Rb4 36. Rge3 Rc8 37. Nxe4 Nd5 38. Rg3 Nf4 39. h4 Rc2 40. Kf1 gxh4 41. Rg7+ Kf8 42. Rh7 h3 43. Nf6 Rd4 44. Kg1 Ne2+ 45. Kh1 Rf4 46. Rd1 Rc1 47. Rxc1 Nxc1 48. Nd7+ Kg8 49. Rxh6 Nd3 50. Rxe6 Rxf2 51. Re3 Rd2 52. Nf6+ Kf7 53. Ne4 Nf2+ 1/2-1/2

[Event "18.Città di Padova Open A"]
[Site "Padova"]
[Date "2015.12.16"]
[Round "5.13"]
[White "Sonis, Francesco"]
[Black "Naumkin, Igor"]
[Result "1-0"]
[WhiteElo "2317"]
[BlackElo "2446"]
[Annotator "Gabriele Ballarin"]
[PlyCount "81"]
[EventDate "2015.12.13"]
[EventType "swiss"]
[EventRounds "9"]
[EventCountry "ITA"]

1. Nf3 e6 2. c4 f5 3. g3 Nf6 4. Bg2 Be7 5. O-O O-O 6. Nc3 d6 7. d4 a5 8. Qc2 Nc6 9. e4 Nb4 10. Qe2 fxe4 11. Nxe4 Nxe4 12. Qxe4 e5 13. g4 exd4 14. Nxd4 Bf6 15. Ne6 Bxe6 16. Qxe6+ Kh8 17. Bxb7 Rb8 18. Qe4 Re8 19. Qf3 Nc2 20. Rb1 Nd4 21. Qg2 Bg5 22. f4 Re2 23. Qh3 Rxb7 24. fxg5 Re6 25. Be3 Nc2 26. Bd2 Rb8 27. Qc3 Nb4 28. Rf7 Qg8 29. Rbf1 Nc6 30. Rxc7 Ne5 31. c5 d5 32. Bf4 Qe8 33. Bxe5 Rxe5 34. Rcf7 Rxg5 35. Qf3 h5 36. h3 hxg4 37. Rf8+ Qxf8 38. Qxf8+ Rxf8 39. Rxf8+ Kh7 40. c6 gxh3+ 41. Kh1 1-0

[Event "18.Città di Padova Open A"]
[Site "Padova"]
[Date "2015.12.16"]
[Round "5.14"]
[White "Laketic, Gojko"]
[Black "Dragojlovic, Andjelko"]
[Result "1-0"]
[WhiteElo "2419"]
[BlackElo "2309"]
[Annotator "Gabriele Ballarin"]
[PlyCount "59"]
[EventDate "2015.12.13"]
[EventType "swiss"]
[EventRounds "9"]
[EventCountry "ITA"]

1. d4 Nf6 2. c4 c5 3. d5 g6 4. Nc3 Bg7 5. e4 d6 6. Nf3 O-O 7. h3 Na6 8. Bd3 Nc7 9. O-O e6 10. Re1 Re8 11. Bg5 h6 12. Bf4 e5 13. Be3 Kh8 14. a3 Ng8 15. b4 b6 16. bxc5 bxc5 17. Rb1 Rf8 18. Bc2 f5 19. Ba4 Ba6 20. Bc6 Bxc4 21. Bxa8 Qxa8 22. Nh4 Ne7 23. Bxc5 Ne8 24. Qa4 Bd3 25. Rbd1 fxe4 26. Nxe4 Bxe4 27. Qxe4 Kh7 28. Be3 Nf6 29. Qd3 Nfxd5 30. Nxg6 1-0

[Event "18.Città di Padova Open A"]
[Site "Padova"]
[Date "2015.12.16"]
[Round "5.15"]
[White "Santagati, Alessandro"]
[Black "Manca, Federico"]
[Result "0-1"]
[WhiteElo "2262"]
[BlackElo "2409"]
[Annotator "Gabriele Ballarin"]
[PlyCount "56"]
[EventDate "2015.12.13"]
[EventType "swiss"]
[EventRounds "9"]
[EventCountry "ITA"]

1. e4 e5 2. d4 Nc6 3. Nf3 exd4 4. c3 Nf6 5. e5 Ne4 6. Qe2 f5 7. exf6 d5 8. Nbd2 d3 9. fxg7 dxe2 10. gxh8=Q exf1=Q+ 11. Rxf1 Qe7 12. Nxe4 Qxe4+ 13. Be3 d4 14. Nd2 Qe7 15. cxd4 Bf5 16. d5 Ne5 17. Qg8 O-O-O 18. Qg5 Qf7 19. Rh1 Nd3+ 20. Kf1 Be7 21. Qg3 Rg8 22. Qf3 Ne5 23. Qd1 Bd3+ 24. Ke1 Rxg2 25. Qa4 Qh5 26. Qd1 Qxh2 27. Rxh2 Rg1+ 28. Nf1 Bb4+ 0-1

[Event "18.Città di Padova Open A"]
[Site "Padova"]
[Date "2015.12.16"]
[Round "5.16"]
[White "Sorbera, Giovanni"]
[Black "Zelcic, Robert"]
[Result "1/2-1/2"]
[WhiteElo "2191"]
[BlackElo "2520"]
[Annotator "Gabriele Ballarin"]
[PlyCount "108"]
[EventDate "2015.12.13"]
[EventType "swiss"]
[EventRounds "9"]
[EventCountry "ITA"]

1. d4 Nf6 2. c4 e6 3. Nf3 d5 4. g3 dxc4 5. Bg2 Bb4+ 6. Bd2 a5 7. O-O Nc6 8. e3 Rb8 9. a4 b6 10. Bxb4 Nxb4 11. Ne5 O-O 12. Na3 Nd7 13. Nexc4 Ba6 14. Qd2 c5 15. Rfd1 Bxc4 16. Nxc4 cxd4 17. exd4 Nf6 18. Na3 Rc8 19. Rac1 Rxc1 20. Rxc1 Qb8 21. Nb5 Rc8 22. Rc3 Nfd5 23. Bxd5 Nxd5 24. Rc2 h6 25. Qc1 Rxc2 26. Qxc2 Nb4 27. Qc7 Qxc7 28. Nxc7 Kf8 29. Kf1 Ke7 30. Nb5 Nd3 31. b3 Nc1 32. Ke1 Nxb3 33. Kd1 e5 34. dxe5 Ke6 35. f4 Nc5 36. Nc3 g5 37. Ke2 gxf4 38. gxf4 Kf5 39. Kf3 h5 40. h4 Ke6 41. Ke3 Kf5 42. Kf3 Nb3 43. Nd5 b5 44. Ne3+ Kg6 45. axb5 Nd4+ 46. Ke4 Nxb5 47. f5+ Kg7 48. Kd3 Na7 49. Kc4 Nc6 50. Kd5 Ne7+ 51. Kc5 Kf8 52. Kb5 Ke8 53. e6 fxe6 54. fxe6 Ng6 1/2-1/2

[Event "18.Città di Padova Open A"]
[Site "Padova"]
[Date "2015.12.16"]
[Round "5.17"]
[White "Santolini, Luigi"]
[Black "Mrdja, Milan"]
[Result "1/2-1/2"]
[WhiteElo "2156"]
[BlackElo "2365"]
[Annotator "Gabriele Ballarin"]
[PlyCount "128"]
[EventDate "2015.12.13"]
[EventType "swiss"]
[EventRounds "9"]
[EventCountry "ITA"]

1. Nf3 g6 2. c4 c5 3. g3 Bg7 4. Bg2 Nc6 5. O-O d6 6. Nc3 e5 7. d3 Nge7 8. a3 O-O 9. Rb1 b6 10. Ne1 Be6 11. Nd5 Rc8 12. e3 Qd7 13. b4 f5 14. b5 Nd8 15. f4 Kh8 16. Qb3 Ng8 17. Bd2 Nf7 18. a4 Nf6 19. Nxf6 Bxf6 20. Bc3 Bg7 21. a5 g5 22. axb6 axb6 23. Ra1 gxf4 24. exf4 Rg8 25. Ra6 Qd8 26. Nc2 exf4 27. Bxg7+ Rxg7 28. Rxf4 Ne5 29. Ne3 Ng6 30. Rf2 Qg5 31. Nf1 Rb8 32. Qa2 Ne5 33. Qd2 Qg4 34. Rf4 Qg5 35. Rf2 Qd8 36. Ne3 Qf6 37. Qe2 Ng6 38. Qb2 Qg5 39. Ra7 Rbg8 40. Nd5 Bxd5 41. Bxd5 Ne5 42. Rxg7 Rxg7 43. Qa1 Rd7 44. Be6 Qf6 45. Qa8+ Rd8 46. Rxf5 Rxa8 47. Rxf6 Kg7 48. Rf2 Ra3 49. Bd5 h6 50. Be4 Nxd3 51. Rd2 Ne5 52. Rxd6 Nxc4 53. Rg6+ Kf8 54. Rxh6 Nd2 55. Bf5 c4 56. Rxb6 Nf3+ 57. Kg2 Nd4 58. g4 c3 59. Rb8+ Ke7 60. b6 Nxf5 61. gxf5 Rb3 62. Rc8 Kf6 63. b7 Rxb7 64. Rxc3 Kxf5 1/2-1/2

[Event "18.Città di Padova Open A"]
[Site "Padova"]
[Date "2015.12.16"]
[Round "5.19"]
[White "Santeramo, Alessia Carmen"]
[Black "Massironi, Marco"]
[Result "0-1"]
[WhiteElo "2133"]
[BlackElo "2242"]
[Annotator "Gabriele Ballarin"]
[PlyCount "88"]
[EventDate "2015.12.13"]
[EventType "swiss"]
[EventRounds "9"]
[EventCountry "ITA"]

1. e4 c5 2. Nf3 d6 3. Bb5+ Bd7 4. Bxd7+ Qxd7 5. O-O Nf6 6. Re1 Nc6 7. c3 e6 8. d4 cxd4 9. cxd4 d5 10. e5 Ne4 11. Nbd2 Nxd2 12. Bxd2 Rc8 13. Rc1 Be7 14. a3 O-O 15. Rc3 b5 16. Rd3 f6 17. exf6 Bxf6 18. Bg5 Qe7 19. Bxf6 Qxf6 20. Qe2 Rfe8 21. h4 b4 22. a4 h6 23. Rd2 Na5 24. Qa6 Nc4 25. Rde2 e5 26. Qxf6 gxf6 27. b3 Na5 28. dxe5 fxe5 29. Rxe5 Rxe5 30. Rxe5 Nxb3 31. Rxd5 Nc5 32. Rd2 Nxa4 33. Ra2 b3 34. Rxa4 b2 35. Nd2 Rd8 36. Nb1 Rd1+ 37. Kh2 Rxb1 38. Rb4 a5 39. Rb8+ Kf7 40. Kg3 a4 41. Rb7+ Ke6 42. f4 a3 43. Rb6+ Kd5 44. f5 Rf1 0-1

[Event "18.Città di Padova Open A"]
[Site "Padova"]
[Date "2015.12.16"]
[Round "5.20"]
[White "Cocchi, Andrea"]
[Black "Loiacono, Leonardo"]
[Result "1-0"]
[WhiteElo "2251"]
[BlackElo "2052"]
[Annotator "Gabriele Ballarin"]
[PlyCount "73"]
[EventDate "2015.12.13"]
[EventType "swiss"]
[EventRounds "9"]
[EventCountry "ITA"]

1. Nf3 Nf6 2. g3 g6 3. c4 Bg7 4. Bg2 O-O 5. O-O d6 6. Nc3 a6 7. d4 Nc6 8. b3 Rb8 9. Bb2 Bd7 10. Rc1 Na7 11. e3 b5 12. cxb5 axb5 13. Qd2 Re8 14. Rfd1 c6 15. Ne1 Qb6 16. Nd3 Rec8 17. h3 h5 18. Kh2 Bh6 19. Qe2 Kh7 20. Rc2 Rg8 21. e4 Ne8 22. b4 Bg7 23. d5 c5 24. a3 cxb4 25. axb4 Nc8 26. e5 Bf5 27. Ne4 dxe5 28. Ng5+ Kh8 29. Nxf7+ Kh7 30. Ng5+ Kh8 31. Rc6 Qa7 32. Nxe5 Ncd6 33. Nef7+ Nxf7 34. Nxf7+ Kh7 35. Ng5+ Kh6 36. Nf7+ Kh7 37. Qxh5+ 1-0